| 000 | 00454pab a2200181 454500 | ||
|---|---|---|---|
| 008 | 180718b1990 xxu||||| |||| 00| 0 eng d | ||
| 100 | _aAshokvardhan, C. | ||
| 245 | _aPeople's participation in planning | ||
| 260 | _c1990 | ||
| 300 | _ap.92-99. | ||
| 362 | _aJan-Mar | ||
| 650 | _aPlanning | ||
| 650 | _aWorkers participation | ||
| 650 | _aEconomic planning | ||
| 773 | _aIndian Journal of Public Administration | ||
| 908 | _aN | ||
| 909 | _a88952 | ||
| 999 |
_c88952 _d88952 |
||